Statistics for The Cyrillic Alphabet

Click here to take the quiz!

General Stats

  • This quiz has been taken 731 times
  • The average score is 20 of 29

Answer Stats

Cyrillic LetterLatin Letter% Correct
Б бB
97%
У уU
93%
Л лL
91%
К кK
89%
А аA
87%
С сS
86%
Т тT
86%
Е еE
85%
М мM
85%
О оO
85%
В вV
84%
Н нN
83%
Р рR
83%
И иI
82%
Ф фF
81%
Г гG
81%
Д дD
80%
П пP
79%
З зZ
79%
Ш шSH
65%
Я яYA
63%
Ж жZH
57%
Ц цTS
52%
Ю юYU
49%
Х хCH
34%
Й йJ
32%
Ч чTSH
10%
Ь ьSoft Sign
9%
Щ щSHTSH
6%

Score Distribution

Percentile by Number Answered

Percent of People with Each Score

Your Score History

You have not taken this quiz